<?xml version="1.0" encoding="UTF-8"?>
<record
    xmlns:xsi="http://www.w3.org/2001/XMLSchema-instance"
    xsi:schemaLocation="http://www.loc.gov/MARC21/slim http://www.loc.gov/standards/marcxml/schema/MARC21slim.xsd"
    xmlns="http://www.loc.gov/MARC21/slim">

  <leader>00638nam a2200169Ia 4500</leader>
  <controlfield tag="008">230718s9999    xx            000 0 und d</controlfield>
  <datafield tag="020" ind1=" " ind2=" ">
    <subfield code="a">9783642106156</subfield>
  </datafield>
  <datafield tag="041" ind1=" " ind2=" ">
    <subfield code="a">eng</subfield>
  </datafield>
  <datafield tag="082" ind1=" " ind2=" ">
    <subfield code="a">660.6</subfield>
    <subfield code="b">SLE</subfield>
  </datafield>
  <datafield tag="100" ind1=" " ind2=" ">
    <subfield code="a">Slezak D.</subfield>
    <subfield code="9">200120</subfield>
  </datafield>
  <datafield tag="245" ind1=" " ind2=" ">
    <subfield code="a">Bio-Science And Bio-Technology</subfield>
    <subfield code="b">International Conference, BSBT 2009 Held As Part Of Future Generation Information Technology Conference, FGIT 2009 Jeju Island Korea, December 10-12, 2009 Procedings </subfield>
  </datafield>
  <datafield tag="260" ind1=" " ind2=" ">
    <subfield code="c">2009</subfield>
    <subfield code="b">Springer</subfield>
  </datafield>
  <datafield tag="300" ind1=" " ind2=" ">
    <subfield code="a">150</subfield>
  </datafield>
  <datafield tag="365" ind1=" " ind2=" ">
    <subfield code="c">Rs.</subfield>
    <subfield code="b">2500.00</subfield>
  </datafield>
  <datafield tag="700" ind1=" " ind2=" ">
    <subfield code="a">Slezak D.; Arslan T.; Fang W. &amp; Song X.</subfield>
    <subfield code="9">200121</subfield>
  </datafield>
  <datafield tag="906" ind1=" " ind2=" ">
    <subfield code="d">O:0556230-Jun-2017B:IN27911-May-2017</subfield>
    <subfield code="c">MTE</subfield>
  </datafield>
  <datafield tag="999" ind1=" " ind2=" ">
    <subfield code="c">344842</subfield>
    <subfield code="d">344842</subfield>
  </datafield>
  <datafield tag="952" ind1=" " ind2=" ">
    <subfield code="0">0</subfield>
    <subfield code="1">0</subfield>
    <subfield code="4">0</subfield>
    <subfield code="7">0</subfield>
    <subfield code="a">CCEP</subfield>
    <subfield code="b">CCEP</subfield>
    <subfield code="d">2017-06-30</subfield>
    <subfield code="e">Pradeep Book Distributors</subfield>
    <subfield code="f">MTE</subfield>
    <subfield code="g">2500.00</subfield>
    <subfield code="i">IN279</subfield>
    <subfield code="l">0</subfield>
    <subfield code="o">660.6</subfield>
    <subfield code="p">CCEP-BK-56049</subfield>
    <subfield code="r">2023-07-18 00:00:00</subfield>
    <subfield code="v">2500.00</subfield>
    <subfield code="w">2017-05-11</subfield>
    <subfield code="y">BK</subfield>
    <subfield code="z">056049</subfield>
  </datafield>
</record>
